| 000 | 00674nam a22002297a 4500 | ||
|---|---|---|---|
| 003 | OSt | ||
| 005 | 20220107122719.0 | ||
| 008 | 130816b xxu||||| |||| 00| 0 eng d | ||
| 020 | _a9789381141908 | ||
| 040 | _cIIITM-K | ||
| 082 | _a620.071 PRA/F | ||
| 100 |
_aPrakash, Rajnish _91590 |
||
| 245 |
_aFaculty development for teaching engineering _cby Rajnish Prakash, T.V Prasad |
||
| 260 |
_aNew Delhi, _bI.K International, _c2012. |
||
| 300 | _axxii, 416p. | ||
| 650 |
_aTECHNICAL EDUCATION _91591 |
||
| 650 |
_aEDUCATIONAL POLICY _91592 |
||
| 650 |
_aPROFESSIONAL ETHICS _91593 |
||
| 650 |
_aFACULTY DEVELOPMENT _91594 |
||
| 700 |
_aPrasad, T.V _91595 |
||
| 942 |
_2ddc _cBK |
||
| 999 |
_c3192 _d3192 |
||